000 01298cam a22002054a 4500
005 20250605164134.0
008 250528s ||||||||||||||||||||||||d
035 _a18666
020 _a25431803
040 _aGR-AtMCL
_bgre
_dGR-AtMCL
_eAACR2
245 1 _aKatharine Gibbs Handbook of Business English
260 _bMacmillan Publishing Company,
_c1982
300 _a280
505 0 _aPreface, Numbers and Capitalization and Abbreviations, Parts of Speech, Sentence Structure, Punctuation, Effective Business Writing, Model Letters: Examples of Written Communication for Business Purposes, Parts of a Business Letter, Glossary of Usage, Plurals, Abbreviations and Acronyms, Forms of Address, Weight and Measures, Glossary of Word-Processing Terms, Proofreading, Bibliography, Index.
520 _aPreface, Numbers and Capitalization and Abbreviations, Parts of Speech, Sentence Structure, Punctuation, Effective Business Writing, Model Letters: Examples of Written Communication for Business Purposes, Parts of a Business Letter, Glossary of Usage, Plurals, Abbreviations and Acronyms, Forms of Address, Weight and Measures, Glossary of Word-Processing Terms, Proofreading, Bibliography, Index.
700 1 _aQuinn Michelle
_94935
942 _cBK
999 _c4011
_d4011